Storia della linguistica
Saved in:
| Hovedforfatter: | |
|---|---|
| Format: | Bog |
| Udgivet: |
Bologna, Italia:
Il Mulino,
1992.
|
| Fag: | |
| Tags: |
Tilføj Tag
Ingen Tags, Vær først til at tagge denne postø!
|
MARC
| LEADER | 00000nam a22000007a 4500 | ||
|---|---|---|---|
| 003 | CL-VaPUC | ||
| 005 | 20220822114723.0 | ||
| 008 | 220726t1992 ||||| |||| 00| 0 eng d | ||
| 999 | |c 437548 |d 437546 | ||
| 020 | |a 88-15-03440-4 | ||
| 040 | |c Pontificia Universidad Católica de Valparaíso | ||
| 082 | 7 | |a 410.9 ROB 1992 |2 22 | |
| 100 | 1 | |a Robins, Robert H |e autore |9 873892 | |
| 245 | |a Storia della linguistica | ||
| 260 | |a Bologna, Italia: |b Il Mulino, |c 1992. | ||
| 300 | |a 332 páginas. | ||
| 500 | |a c.1 Donación Familia Prof. Alejandro Guzmán Brito. | ||
| 583 | |c 20220726 |k Cristina María Rojas Aguilar | ||
| 650 | |a Lingüística |x Historia |9 873893 | ||
| 942 | |2 ddc |c BK |n 0 | ||
| 952 | |0 0 |1 0 |2 ddc |4 0 |6 410_900000000000000_ROB_1992 |7 0 |8 C_AGB |9 585326 |a BIBDER |b BIBDER |d 2022-07-26 |e Donación |i 5653352 |o 410.9 ROB 1992 |p 5653352 |r 2023-01-25 |t 1 |w 2022-07-26 |y BK_US |k AGB | ||